000 00561nam a22001697a 4500
003 BD-ChCU
005 20260426114538.0
008 260426b bg ||||| |||| 00| 0 ben d
040 _cBD-ChCU
082 _a510 TOP
100 _aToft , Louis .
_921921
245 _aPractical Mathematics :
_ba textbook covering the syllabus of the B. Sc Examination in this subject and suitable for advanced classes jn technical colleges ./
_cLouis Toft .
260 _aLondon :
_bPitman ,
_cC 1966
300 _av-1.
650 0 _aMathematics.
_921923
942 _2ddc
_cBK
_n0
999 _c112433
_d112433